000 00832nam a2200241Ia 4500
003 OSt
005 20220923223346.0
006 a|||||r|||| 00| 0
007 ta
008 220922b |||||||| |||| 00| 0 hin d
024 _a213,857
037 _cTextual
040 _aARTS
_cARTS
_bhin
041 _2hin
_ahin
082 _aO152,3M96:g, L7
100 _aबाछोतिया, हीरा लाल
245 0 _aनिराला साहित्य का अनुशीलन
246 _aNirālā sāhitya kā anushīlana
260 _aकानपुर
_b साहित्य संस्थान
_c1977
650 _aहिन्दी साहित्य
_9156264
942 _hO152,3M96:g, L7
_cTEXL
_2CC
999 _c364065
_d364065